000 01508nam a2200265Ii 4500
003 JO-AjNU
005 20240623124744.0
008 230605s9999||||xx |||||||||||||| ||und||
040 _aJO-AjNU
_bara
_erda
_cJO-AjNU
041 _aara
050 _aHF5667.
_bQ6367 2007
100 1 _aالقرعان، موفق عبدالرحمن محمد
_964840
_eمعد
245 0 _aأثر الخبرة و صعوبة حالة التدقيق على رأي المدقق حول عدالة القوائم المالية في الأردن : دراسة تجريبية = The Effect of Experience and Complexity on Auditor's Judgment about the Fairness of Financial Statments in Jordan : An experimental Study /
_cإعداد موفق عبد الرحمن محمد القرعان ؛ إشراف الدكتور جمال البدور.
260 _c2007
300 _a106 ورقة
336 _atext
_btxt
_2rdacontent
337 _aunmediated
_bn
_2rdamedia
338 _avolume
_bnc
_2rdacarrier
500 _aرسالة جامعية (ماجستير في محاسبة)--جامعة اليرموك (إربد، الأردن)، كلية الإقتصاد والعلوم الإدارية، قسم المحاسبة، 2007
501 _aتحتوي على ملاحق
504 _aتحتوي على مراجع باللغتين العربية والانجليزية
650 4 0 _aمراجعة الحسابات-القوائم المالية-الاردن.
_964842
700 1 _aالبدور، جمال
_964843
_eمشرف
942 _2lcc
_cTHS
999 _c33001
_d33001